|
|
|
|
| LEADER |
00000nam a2200000 a 4500 |
| 001 |
vtls001208963 |
| 003 |
SK-MaSNL |
| 005 |
20260301112412.0 |
| 008 |
250414s1990 xo 00000 slo |
| 035 |
|
|
|a SNK000152033
|
| 040 |
|
|
|a SNK
|b slo
|c SNK
|e AACR2
|
| 041 |
0 |
|
|a slo
|
| 044 |
|
|
|a xo
|c SK
|
| 080 |
|
|
|a 792(083.9)
|2 1981
|
| 100 |
1 |
|
|a Mičinec, Stanislav,
|d 1937-1993
|4 aut
|9 5681
|
| 245 |
1 |
0 |
|a Premiéry Slovenského národného divadla 1920 - 1945
|b súpis premiér profesionálnych divadiel na Slovensku
|n 1. zv
|c Stanislav Mičinec, Nelly Štúrová ; [graf. upr. Zlatica Magálová]
|
| 250 |
|
|
|a 1. vyd.
|
| 260 |
|
|
|a Bratislava
|b s.n.
|c 1990
|
| 300 |
|
|
|a 246 s.
|c 21 cm.
|
| 651 |
|
7 |
|a Bratislava (Slovensko)
|2 SNK
|
| 655 |
|
7 |
|a informačný katalóg
|2 SNK
|9 453040
|
| 700 |
1 |
|
|a Magalová, Zlatica
|4 ill
|9 60707
|
| 700 |
1 |
|
|a Štúrová, Nelly,
|d 1929-1998
|4 aut
|9 100601
|
| 852 |
|
|
|a Slovenská národná knižnica
|
| 954 |
|
|
|a divadlá slovenské
|a SND, Bratislava
|
| 958 |
|
|
|a TL
|
| 958 |
|
|
|a OND
|
| 999 |
|
|
|c 710421
|d 712351
|
| 952 |
|
|
|t P60, <04>, [BOOK], {604}
|a SNK
|b SNK
|y VYP
|7 0
|p 17A0061371
|o snkSC 80809 D1
|0 0
|1 0
|4 0
|d 1997-04-17
|l 0
|r 2005-01-01 00:00:00
|w 2026-02-23
|